Hard Math QUIZ - Statistics

General Stats
  • This quiz has been taken 49 times
  • The average score is 4 of 8
Answer Stats
Hint Answer % Correct
10^10 10,000,000,000
100%
10^100 10000000000000000000000000000000000000000000000000000000000000000000000000000000000000000000000000000
57%
5^6 15,625
54%
4^7 16,384
51%
6^8 1,679,616
40%
12^7 35,831,808
34%
23^5 6,436,343
31%
4+4x4/4^4 260
6%
No matching quizzes found
Score Distribution
Percent of People with Each Score
Percentile by Number Answered
Your Score History
You have not taken this quiz